Torturas Sua Identificaȯ̂ e Valoraȯ̂ Mďico-Legal /

Detalles Bibliográficos
Autor principal: Vanrell, Jorge Paulete
Otros Autores: Ponce Malaver, Moisš
Formato: eBook
Lenguaje:portugués
Publicado: San Pablo: JH Mizuno, 2016
Materias:
Acceso en línea:Acceso restringido

MARC

LEADER 00000nam a22000007a 4500
005 2018031902412.0
007 cr|||| |||
008 180319s2016 br |||||s|||| 00||0 por d
020 |a 978-85-7789-264-8 
035 |a 21049 
040 |a vLex 
090 |c 7495  |d 7495 
100 1 |a Vanrell, Jorge Paulete 
245 1 0 |a Torturas  |h [Recurso electrn̤ico] :  |b Sua Identificaȯ̂ e Valoraȯ̂ Mďico-Legal /  |c Jorge Paulete Vanrell, Moisš Ponce Malaver 
256 |a Servicio en ln̕ea 
260 |a San Pablo:  |b JH Mizuno,  |c 2016 
300 |a 1 recurso electrn̤ico 
506 1 |a Disponible solo en los productos indicados  |d vLex Global  |d vLex Global (Academic Edition, excluding Law Schools)  |d vLex Global (U.S. Academic Edition, Law Schools)  |d vLex Global (U.S. Academic Edition, excluding Law Schools)  |d vLex Global (Academic Edition, Law Schools) 
650 0 4 |a Derecho Constitucional  |z Brasil 
700 1 |a Ponce Malaver, Moisš 
740 0 |a vLex Libros (Servicio en ln̕ea) 
856 4 0 |u http://vlex.com/source/torturas-21049  |z Acceso restringido 
942 |c BOOK 
999 0 |a Constitutional right